Managerial Finance / With Tax Update: Eighth Edition (Record no. 846)
[ view plain ]
| 000 -LEADER | |
|---|---|
| fixed length control field | 02514cam a22002294a 4500 |
| 005 - ΗΜΕΡΟΜΗΝΙΑ ΚΑΙ ΩΡΑ ΤΕΛΕΥΤΑΙΑΣ ΕΝΗΜΕΡΩΣΗΣ | |
| Πεδίο ελέγχου | 20250605163947.0 |
| 008 - FIXED-LENGTH DATA ELEMENTS--GENERAL INFORMATION | |
| Πεδίο ελέγχου σταθερού μήκους | 250528s ||||||||||||||||||||||||d |
| 035 ## - SYSTEM CONTROL NUMBER | |
| System control number | 15253 |
| 020 ## - ISBN | |
| ISBN | 30534186 |
| 040 ## - ΠΗΓΗ ΚΑΤΑΛΟΓΟΓΡΑΦΗΣΗΣ | |
| Φορέας πρωτότυπης καταλογογράφησης | MC Athens Campus Library |
| Γλώσσα καταλογογράφησης | Ελληνικά, Μοντέρνα (1453-) |
| Modifying agency | MC Athens Campus Library |
| Κανόνες περιγραφικής καταλογογράφησης | AACR2 |
| 245 1# - ΤΙΤΛΟΣ ΚΑΙ ΔΗΛΩΣΗ ΥΠΕΥΘΥΝΟΤΗΤΑΣ | |
| Τίτλος | Managerial Finance / With Tax Update: Eighth Edition |
| 250 ## - EDITION STATEMENT | |
| Edition statement | 8th |
| 260 ## - PUBLICATION, DISTRIBUTION, ETC. | |
| Name of publisher, distributor, etc. | The Dryden Press, |
| Date of publication, distribution, etc. | 1989 |
| 300 ## - PHYSICAL DESCRIPTION | |
| Extent | 1036 |
| 505 0# - FORMATTED CONTENTS NOTE | |
| Formatted contents note | Fundamental Concepts of Managerial Finance, The Finance Function, Financial Statements, The Financial Environment, The Tax Environment, The Time Dimension in Financial Decisions, The Time Value of Money, Capital Budgeting Techniques, How the Market Determines Discount Rates, Financial Analysis and Planning and Control, Financial Ratio Analysis, Financial Planning and Control, Financial Forecasting, Working Capital Management, Working Capital Policy, Cash and Marketable Securities Management, Inventory Management, Credit Management and Policy, Short-Term Financing, Decision Making Under Uncertainty, Risk and Return: Theory and Evidence and Applications, Options on Risky Assets, Cost of Capital and Valuation, Financial Structure and the Cost of Capital, Capital Structure and the Cost of Capital, Valuation, The Treasurer's Point of View: Policy Decisions, Common Stock Financing, Lease Financing, Warrants and Convertibles, Integrated Topics in Managerial Finance, Index. |
| 520 ## - SUMMARY, ETC. | |
| Summary, etc. | Fundamental Concepts of Managerial Finance, The Finance Function, Financial Statements, The Financial Environment, The Tax Environment, The Time Dimension in Financial Decisions, The Time Value of Money, Capital Budgeting Techniques, How the Market Determines Discount Rates, Financial Analysis and Planning and Control, Financial Ratio Analysis, Financial Planning and Control, Financial Forecasting, Working Capital Management, Working Capital Policy, Cash and Marketable Securities Management, Inventory Management, Credit Management and Policy, Short-Term Financing, Decision Making Under Uncertainty, Risk and Return: Theory and Evidence and Applications, Options on Risky Assets, Cost of Capital and Valuation, Financial Structure and the Cost of Capital, Capital Structure and the Cost of Capital, Valuation, The Treasurer's Point of View: Policy Decisions, Common Stock Financing, Lease Financing, Warrants and Convertibles, Integrated Topics in Managerial Finance, Index. |
| 700 1# - ΠΡΟΣΘΕΤΗ ΑΝΑΓΡΑΦΗ--ΦΥΣΙΚΟ ΠΡΟΣΩΠΟ | |
| Personal name | Copeland Thomas E |
| 9 (RLIN) | 1095 |
| 700 1# - ΠΡΟΣΘΕΤΗ ΑΝΑΓΡΑΦΗ--ΦΥΣΙΚΟ ΠΡΟΣΩΠΟ | |
| Personal name | Fred Weston J |
| 9 (RLIN) | 1096 |
| 942 ## - ADDED ENTRY ELEMENTS (KOHA) | |
| Koha item type | Books |
| Τύπος τεκμηρίου | Βιβλιοθήκη | Τρέχουσα τοποθεσία | Barcode | Αριθμός εισαγωγής | Ημερομηνία απόκτησης | Ταξιθετικό σύμβολο | Αριθμός αντιτύπου | Κατάσταση απόσυρσης | Κατάσταση χαμένου | Κατάσταση κατεστραμμένου | Μη δανεισμός | Σύνολο δανεισμών | Ημερομηνία τελευταίας εμφάνισης | Η τιμή ισχύει από |
|---|---|---|---|---|---|---|---|---|---|---|---|---|---|---|
| Books | MC Athens Campus Library | MC Athens Campus Library | 9780000008459 | 1492 | 05/06/2025 | 658.1/5 WES | 2 | 05/06/2025 | 05/06/2025 |